000 00650nam a2200265Ia 4500
001 Z_5877
003 CHAP
008 220113s2009 xx 000 0 und d
010 _a169086
020 _a978-607-448-016-0
040 _cCHAP
082 _a636.007 T7
100 _aTrueta Santiago, Rafael
_9115375
245 _aProyectos ganaderos : teoría y práctica /
_cRafael Trueta Santiago
260 _aMéxico, D.F. :
_bEl Manual Moderno,
_c2009
300 _a291 p.
503 _ac/e
650 _aProyectos ganaderos
_9143404
901 _a636.007 T7
902 _aA
910 _a2009
942 _c1
942 _cc1
999 _c169086
_d169086